El coleccionista de agujeros

Zapisane w:
Opis bibliograficzny
1. autor: Béjar, Luis Alfredo (Autor)
Format: Książka
Język:hiszpański
Wydane: Buenos Aires Grijalbo 1981
Hasła przedmiotowe:
Etykiety: Dodaj etykietę
Nie ma etykietki, Dołącz pierwszą etykiete!

MARC

LEADER 00000nam a2200000 a 4500
001 UCQ5608
003 CL-VaPUC
008 981002e19810000AG |||||||||||||||||spa|d
082 0 4 |a 863  |b BEJ  |2 21 
100 0 |a Béjar, Luis Alfredo  |e author  |9 419671 
245 1 3 |a El coleccionista de agujeros 
300 |a 282 p 
942 |c BK 
945 |d 19981002 00:00:00  |a crobeson 
260 |a Buenos Aires  |b Grijalbo  |c 1981 
650 0 |a Novelas españolas  |9 265052 
650 0 |a Literatura española  |9 306261 
583 |a last modification  |c 19981002 00:00:00  |k Rodrigo Vera 
999 |c 275813  |d 275811 
952 |0 0  |1 0  |4 0  |6 863_000000000000000_BEJ_1981  |7 0  |8 A  |9 312653  |a BIBEDU  |b BIBEDU  |d 2019-11-20  |i 147507K  |o 863 BEJ 1981  |p 147507K  |r 2019-11-20  |w 2019-11-20  |y BK  |k LIT